00498nam a2200193 a 4500001001300000003000900013005001700022008004100039020000900080082001600089100002300105245004400128260003600172300000800208500003500216505001000251650002000261700002300281nice12345678IN_TiNIC20260116012227.0050524s1970 dela grp 000 0 urd  ac1400a297.2bKHA1 aKhan, Mohammad Ali aIslami Encyclopediab Falah Deen Duniya aDelhibDeen Duniya Pub.Coc1970 a720 aincludes index and biblioraphy2 aNotes aIslam-Doctrines1 aKhan, Mohammad Ali